000 00417nam a2200145Ia 4500
008 090124s9999 xx 000 0 und d
082 _b302523
245 _a मृगजळाची तहान
250 _a1
260 _bगोगटे शकुंतला
_c1991
300 _a142
630 _a मृगजळाची तहान
730 _a मृगजळाची तहान
942 _cBOOK
999 _c192160
_d192160